Statistics for Click the colors

Click here to take the quiz!

General Stats

  • This quiz has been taken 73 times
  • The average score is 15 of 16

Answer Stats

Answer% Correct
Green
100%
Green
100%
Green
100%
Blue
97%
Blue
97%
Blue
97%
Orange
97%
Orange
97%
Red
97%
Red
97%
Yellow
97%
Yellow
97%
Yellow
97%
Violet
89%
Violet
89%
Violet
89%

Score Distribution

Percentile by Number Answered

Percent of People with Each Score

Your Score History

You have not taken this quiz